LEADER 05020oam 2200697 c 450 001 996419446803316 005 20231110221848.0 010 $a3-8394-5654-1 024 7 $a10.14361/9783839456545 035 $a(CKB)5590000000469584 035 $a(DE-B1597)574018 035 $a(OCoLC)1248760001 035 $a(DE-B1597)9783839456545 035 $a(MiAaPQ)EBC6762914 035 $a(Au-PeEL)EBL6762914 035 $a(transcript Verlag)9783839456545 035 $a(MiAaPQ)EBC6956297 035 $a(Au-PeEL)EBL6956297 035 $a(oapen)https://directory.doabooks.org/handle/20.500.12854/70135 035 $a(MiAaPQ)EBC30591544 035 $a(Au-PeEL)EBL30591544 035 $a(EXLCZ)995590000000469584 100 $a20220221d2021 uy 0 101 0 $ager 135 $aur||||||||||| 181 $ctxt$2rdacontent 182 $cc$2rdamedia 183 $acr$2rdacarrier 200 00$aZivilgesellschaft in der Bundesrepublik Deutschland$eAufbru?che, Umbru?che, Ausblicke$fBrigitte Grande, Edgar Grande, Udo Hahn 205 $a1st ed. 210 $aBielefeld$ctranscript Verlag$d2021 215 $a1 online resource (186 p.) 225 0 $aEdition Politik$v111 311 $a3-8376-5654-3 327 $tFrontmatter -- $tInhalt -- $tVorwort -- $tEinführung -- $tWie wichtig ist die Zivilgesellschaft? -- $tGeschichte der Zivilgesellschaft in der Bundesrepublik Deutschland -- $tAufbrüche I: Zivilgesellschaft und Wiederaufbau -- $tGewerkschaften als zivilgesellschaftliche Akteure in der Bundesrepublik -- $tUmbrüche I: Politischer Protest und Demokratisierung -- $tNeue Konflikte und neue soziale Bewegungen in Deutschland -- $tZivilgesellschaft und Demokratie -- $tAufbrüche II: Zivilgesellschaft und Wiedervereinigung -- $tPolitischer Protest und Zivilgesellschaft im deutschen Transformationsprozess -- $tUmbrüche II: Migration und die neuen Bürgerbewegungen in Deutschland -- $tMigrationsgesellschaft und Zivilgesellschaft -- $tZivilgesellschaft in der Migrationsgesellschaft -- $tUmbrüche III: Corona als Herausforderung für die Zivilgesellschaft -- $tWas wird aus dem harten Kern? -- $tEhrenamt und freiwilliges Engagement in der Corona-Krise -- $tCorona als Herausforderung für Kirchen und Bildungsarbeit -- $tAusblicke: Perspektiven der Zivilgesellschaft in Deutschland -- $tRechtspopulismus und organisierte Zivilgesellschaft -- $tEntwicklungen und Herausforderungen der Zivilgesellschaft in Deutschland -- $tAutorinnen und Autoren 330 $aWelche Bedeutung hatte die Zivilgesellschaft fu?r die Entwicklung der Bundesrepublik Deutschland? Wie hat sie sich gewandelt und vor welchen Herausforderungen steht sie? Die Beitra?ger*innen des Bandes aus Wissenschaft, Politik und Praxis nehmen zivilgesellschaftliche Schlu?sselakteure wie Gewerkschaften, soziale Bewegungen und Kirchen in den Blick und fragen nach ihrer Rolle in den Aufbruch- und Umbruchphasen der Bundesrepublik. Denn der wirtschaftliche Wiederaufbau, die gesellschaftliche Demokratisierung, die »Wiedervereinigung«, die Entwicklung zur Migrationsgesellschaft und die Herausforderungen der Corona-Pandemie sind ohne den aktiven Beitrag der Zivilgesellschaft nicht zu verstehen. 410 0$aEdition Politik 606 $aZivilgesellschaft; Gewerkschaft; Kirche; Soziale Bewegung; Bu?rgerschaftliches Engagement; Geschichte der BRD; Politik; Politische Theorie; Soziale Bewegungen; Politische Soziologie; Politikwissenschaft; Civil Society; Labour Union; Church; Social Movement; Volunteering; Hoistory of Brd; Politics; Political Theory; Social Movements; Political Sociology; Political Science; 610 $aChurch. 610 $aHoistory of Brd. 610 $aLabour Union. 610 $aPolitical Science. 610 $aPolitical Sociology. 610 $aPolitical Theory. 610 $aPolitics. 610 $aSocial Movement. 610 $aSocial Movements. 610 $aVolunteering. 615 4$aZivilgesellschaft; Gewerkschaft; Kirche; Soziale Bewegung; Bu?rgerschaftliches Engagement; Geschichte der BRD; Politik; Politische Theorie; Soziale Bewegungen; Politische Soziologie; Politikwissenschaft; Civil Society; Labour Union; Church; Social Movement; Volunteering; Hoistory of Brd; Politics; Political Theory; Social Movements; Political Sociology; Political Science; 676 $a320 700 $aGrande$b Brigitte$4edt$01434070 702 $aGrande$b Brigitte$pWissenschaftszentrum fu?r Sozialforschung Berlin (WZB), Deutschland$4edt 702 $aGrande$b Edgar$pWissenschaftszentrum fu?r Sozialforschung Berlin (WZB), Deutschland$4edt 702 $aHahn$b Udo$pWissenschaftszentrum fu?r Sozialforschung Berlin (WZB), Deutschland$4edt 712 02$aLeibniz-Gemeinschaft, Wissenschaftszentrum Berlin$4fnd$4http://id.loc.gov/vocabulary/relators/fnd 801 0$bDE-B1597 801 1$bDE-B1597 906 $aBOOK 912 $a996419446803316 996 $aZivilgesellschaft in der Bundesrepublik Deutschland$93585709 997 $aUNISA LEADER 01153nas 2200373-a 450 001 9910222258803321 005 20240413025449.0 011 $a2424-6050 035 $a(CKB)991042728071888 035 $a(CONSER)--2002210335 035 $a(EXLCZ)99991042728071888 100 $a20021211a19909999 --- - 101 0 $alit 200 00$aTeis? /$fVilniaus universitetas 210 $aVilnius $cVilniaus universitato leidykla 215 $a1 online resource 225 1 $aMokslo darbai = Research papers 300 $aRefereed/Peer-reviewed 311 08$aPrint version: Teis? / (DLC) 2002210335 (OCoLC)51205906 1392-1274 410 0$aMokslo darbai (Vilniaus Universitetas) 517 1 $aLaw 531 0 $aTeis? 606 $aLaw$zLithuania$vPeriodicals 606 $aLaw$2fast$3(OCoLC)fst00993678 607 $aLithuania$2fast$1https://id.oclc.org/worldcat/entity/E39QbtfRjqJJRw6fkWmWJqYpmM 608 $aPeriodicals.$2fast 615 0$aLaw 615 7$aLaw. 712 02$aVilniaus Universitetas. 906 $aJOURNAL 912 $a9910222258803321 920 $aexl_impl conversion 996 $aTeis?$92197275 997 $aUNINA